Library Banner

Inshaie majid ya lataif adab = انشائے ماجد یا لطائف ادب / (Record no. 121523)

MARC details
000 -LEADER
fixed length control field 00570nam a22001577a 4500
005 - DATE AND TIME OF LATEST TRANSACTION
control field 20210227114010.0
008 - FIXED-LENGTH DATA ELEMENTS--GENERAL INFORMATION
fixed length control field 210227b ||||| |||| 00| 0 eng d
040 ## - CATALOGING SOURCE
Transcribing agency PK-LaUMT
082 ## - DEWEY DECIMAL CLASSIFICATION NUMBER
Classification number RHC 891.4394
Item number ABD-I
100 ## - MAIN ENTRY--PERSONAL NAME
Personal name Abdul Majid Darya Badi = عبدالماجد دریا بادی
245 ## - TITLE STATEMENT
Title Inshaie majid ya lataif adab = انشائے ماجد یا لطائف ادب /
Statement of responsibility, etc byAbdul Majid Darya Badi = عبدالماجد دریا بادی
260 ## - PUBLICATION, DISTRIBUTION, ETC. (IMPRINT)
Place of publication, distribution, etc Lahore :
Name of publisher, distributor, etc Idarah-e-Ilm o Fun,
Date of publication, distribution, etc 2000
300 ## - PHYSICAL DESCRIPTION
Extent 584 p.
650 ## - SUBJECT ADDED ENTRY--TOPICAL TERM
Topical term or geographic name as entry element Urdu literature-Essays
942 ## - ADDED ENTRY ELEMENTS (KOHA)
Koha item type Books
Holdings
Withdrawn status Lost status Damaged status Home library Current library Date acquired Full call number Barcode Date last seen Price effective from Koha item type
      UMT Main Campus UMT Main Campus 2021-02-27 RHC 891.4394 ABD-I 136692 2021-02-27 2021-02-27 Books